OPAC Home

උද්‍යෝගය-පොසොන් කලාපය (Record no. 99845)

MARC details
000 -LEADER
fixed length control field 00502nam a2200181Ia 4500
003 - CONTROL NUMBER IDENTIFIER
control field LK-CoDNM
005 - DATE AND TIME OF LATEST TRANSACTION
control field 20240422145955.0
008 - FIXED-LENGTH DATA ELEMENTS--GENERAL INFORMATION
fixed length control field 010623t1941 xxu||||| |||| 00| 1 sin d
040 ## - CATALOGING SOURCE
Original cataloging agency LK-CoDNM
Modifying agency LK-CoDNM
Description conventions LK-CoDNM
041 ## - LANGUAGE CODE
Language code of text/sound track or separate title Sinhala; Sinhalese
080 ## - UNIVERSAL DECIMAL CLASSIFICATION NUMBER
Universal Decimal Classification number ඡ83
942 ## - ADDED ENTRY ELEMENTS (KOHA)
Koha item type Books
100 ## - MAIN ENTRY--PERSONAL NAME
Personal name Amarasiri Thero, Boosse
245 ## - TITLE STATEMENT
Title උද්‍යෝගය-පොසොන් කලාපය
246 ## - VARYING FORM OF TITLE
Title proper/short title The Udyoogaya : Poson Kalaapaya
260 ## - PUBLICATION, DISTRIBUTION, ETC. (IMPRINT)
Name of publisher, distributor, etc. D M Wijesinghe
Place of publication, distribution, etc. Maradana
Date of publication, distribution, etc. 1941
300 ## - PHYSICAL DESCRIPTION
Extent 24P.,27 cm
Holdings
Withdrawn status Lost status Damaged status Not for loan Collection code Permanent Location Current Location Date acquired Full call number Barcode Koha item type
    Damaged   Monographs Library National Museum Colombo - Sri Lanka Library National Museum Colombo - Sri Lanka 2023-08-02 ඡ83 OB2404-2 Books
Copyright © 2023 Department of National Museum, Colombo 07, Sri Lanka Funded by UNESCO IFAP UNESCO